Top 50 -- Largest City in Each Country Beginning With 'M' - Statistics

General Stats
  • This quiz has been taken 351 times
  • The average score is 31 of 50
Answer Stats
# Population Country Answer % Correct
5 6,850,000 Spain Madrid
99%
3 24,900,000 Mexico Mexico City
99%
8 4,950,000 Australia Melbourne
98%
4 18,800,000 Russia Moscow
98%
13 3,125,000 United Kingdom Manchester
97%
1 26,700,000 Philippines Manila
97%
7 6,100,000 Italy Milan
97%
2 26,600,000 India Mumbai
97%
9 4,375,000 Canada Montréal
95%
22 2,050,000 Belarus Minsk
94%
19 2,275,000 Germany Munich
94%
25 1,690,000 France Marseille
92%
23 1,880,000 Uruguay Montevideo
92%
16 2,325,000 Saudi Arabia Mecca
89%
21 2,125,000 Somalia Mogadishu
88%
10 4,225,000 Colombia Medellín
87%
6 6,450,000 United States Miami
86%
30 1,470,000 Oman Muscat
85%
31 1,370,000 Nicaragua Managua
84%
46 357,377 Sweden Malmo
83%
15 2,450,000 Mozambique Maputo
83%
34 1,160,000 Morocco Marrakesh
83%
24 1,770,000 Liberia Monrovia
83%
28 1,550,000 Bahrain Manama
82%
16 2,325,000 Brazil Manaus
77%
33 1,320,000 Kenya Mombasa
76%
14 2,750,000 Venezuela Maracaibo
69%
12 3,350,000 Iran Mashhad
66%
29 1,490,000 Iraq Mosul
66%
25 1,690,000 Myanmar Mandalay
65%
11 4,150,000 Indonesia Medan
65%
47 343,541 Lesotho Maseru
61%
35 1,090,000 Argentina Mendoza
52%
16 2,325,000 D.R. Congo Mbuji-Mayi
46%
19 2,275,000 Pakistan Multan
46%
32 1,340,000 Nigeria Maiduguri
28%
36 1,040,000 Turkey Mersin
28%
37 1,030,000 Tanzania Mwanza
28%
43 470,011 Ukraine Mykolaiv
25%
42 484,500 Afghanistan Mazar-i-Sharif
18%
48 290,316 Libya Misrata
14%
38 597,135 Malaysia Malacca City
13%
41 511,192 Japan Matsuyama
12%
27 1,680,000 China Miányáng
9%
44 457,900 Ethiopia Mekele
8%
40 576,722 Bangladesh Mymensingh
8%
50 273,000 Malawi Mzuzu
8%
45 455,000 Angola Malanje
4%
39 592,573 Egypt Mahalla el-Kubra
2%
49 289,48 Sudan Medani
0%
No matching quizzes found
Score Distribution
Percent of People with Each Score
Percentile by Number Answered
Your Score History
You have not taken this quiz